| 000 | 01128pam a2200313 a 4500 | ||
|---|---|---|---|
| 999 |
_c9358 _d9358 |
||
| 001 | 4964566 | ||
| 003 | OSt | ||
| 005 | 20210112165715.0 | ||
| 008 | 971021r19981996orua b 000 0aeng | ||
| 010 | _a 97042832 | ||
| 020 | _a1565078640 | ||
| 040 |
_aDLC _cDLC _dDLC |
||
| 043 | _an-us-tn | ||
| 050 | 0 | 0 |
_aSK301 _b.C514 1998 |
| 082 | 0 | 0 |
_a799.2/7652/092 _221 |
| 100 | 1 | _aChapman, Steve. | |
| 245 | 1 | 2 |
_aA look at life from a deer stand / _cSteve Chapman. |
| 260 |
_aEugene, Or. : _bHarvest House, _cc1998. |
||
| 300 |
_a141, [3] p. : _bill. ; _c21 cm. |
||
| 500 | _aOriginally published: Madison, TN : S&A Family, Inc. : Pleasant View Press, 1996. | ||
| 504 | _aDiscography: p. [143]. | ||
| 600 | 1 | 0 | _aChapman, Steve. |
| 650 | 0 |
_aWhite-tailed deer hunting _zTennessee _vAnecdotes. |
|
| 650 | 0 |
_aConduct of life _vAnecdotes. |
|
| 856 | 4 | 2 |
_3Publisher description _uhttp://www.loc.gov/catdir/enhancements/fy0715/97042832-d.html |
| 906 |
_a7 _bcbc _corignew _d1 _eocip _f19 _gy-gencatlg |
||
| 942 |
_2ddc _cBK |
||